000 01354cam a22003737a 4500
003 CHAP
005 20220817044039.0
008 050914d1987 es r 00110 spa d
010 _a90913
011 _a91885
020 _a843230591X
035 _a102448
040 _cCHAP
082 0 4 _a338.946
_bC3
100 0 0 _aCastells, Luis.
_920043
245 1 0 _aModernización y dinámica política en la sociedad Guipuzcoana de la restauración 1876-1915
_c/por Luis Castells
260 _aMadrid :
_bSiglo XXI,
_c1987.
300 _a521 p.
590 _aBATCH-UPD
_b10
_c20130110
_lUCH01
_h0159
590 _aBATCH-UPD
_b10
_c20130110
_lUCH01
_h1028
590 _aBATCH-UPD
_b10
_c20130409
_lUCH01
_h2205
590 _aBATCH-UPD
_b10
_c20130914
_lUCH01
_h0821
590 _aCONVERSION
_b10
_c20130109
_lUCH01
_h1350
650 0 4 _aEspaña
_xPolítica y gobierno.
_937703
650 1 4 _aCambio estructural.
_917784
650 1 4 _aDesarrollo económico.
650 1 4 _zEspaña
_xCondiciones económicas.
_9124372
901 _aBK
905 _aLilia
942 _cLIBRO
949 _a338.946 C3
_bBC
_cLIBRO
_d33724000958112
_eLIBRO
_fc.3
_gI.c/e
_h106879
_i102448
_sb
_t$176.00
949 _a338.946 C3
_bBC
_cLIBRO
_d33724000958179
_eLIBRO
_gI.c/e
_h106877
_i102448
_sb
_t$176.00
949 _a338.946 C3
_bBC
_cLIBRO
_d33724000958237
_eLIBRO
_fc.2
_gI.c/e
_h106878
_i102448
_sb
_t$176.00
999 _c90913
_d90913